La mamma di don Bosco / (Record n. 1099)

Dettagli MARC
000 -LEADER
fixed length control field 00606nam a2200193 i 4500
003 - CONTROL NUMBER IDENTIFIER
control field IT-RoINE
005 - DATE AND TIME OF LATEST TRANSACTION
control field 20131212132158.0
008 - FIXED-LENGTH DATA ELEMENTS--GENERAL INFORMATION
fixed length control field 131212s1929 it |||||r|||| 000 0bita d
040 ## - CATALOGING SOURCE
Original cataloging agency IT-RoINE
Transcribing agency IT-RoINE
100 1# - MAIN ENTRY--PERSONAL NAME
Personal name Castellino, Francesca
9 (RLIN) 2050
245 13 - TITLE STATEMENT
Title La mamma di don Bosco /
Statement of responsibility, etc Francesca Castellino.
260 ## - PUBLICATION, DISTRIBUTION, ETC. (IMPRINT)
Place of publication, distribution, etc Torino :
Name of publisher, distributor, etc Sociertà Editrice Internazionale,
Date of publication, distribution, etc [1929]
300 ## - PHYSICAL DESCRIPTION
Extent 133 p., [6] h. de lám. ;
Dimensions 18 cm.
336 ## - CONTENT TYPE
Source rdacontent
Content type term text
337 ## - MEDIA TYPE
Source rdamedia
Media type term unmediated
338 ## - CARRIER TYPE
Source rdacarrier
Carrier type term volume
600 14 - SUBJECT ADDED ENTRY--PERSONAL NAME
Personal name Bosco, Margherita,
Dates associated with a name 1788-1856
General subdivision Biografía
9 (RLIN) 2051
942 ## - ADDED ENTRY ELEMENTS (KOHA)
Item type Monografías
Dati di copia
Withdrawn status Lost status Damaged status Not for loan Home library Current library Date acquired Total Checkouts Full call number Barcode Date last seen Price effective from Koha item type
        Iglesia Nacional Española en Roma Iglesia Nacional Española en Roma 12/12/2013   BIO 329 1274 12/12/2013 12/12/2013 Monografías